000 00535nam a2200229Ia 4500
003 OSt
005 20220924143056.0
006 a|||||r|||| 00| 0
007 ta
008 220923b |||||||| |||| 00| 0 ori d
024 _a306619
037 _cTextual
040 _aARTS
_cARTS
_bORI
041 _2ORI
_aORI
082 _aY:1, 1591L0
100 _aDas
245 0 _aBaidika Sahitya o Sanskruti
260 _c1970
650 _aSOCIOLOGY
942 _hY:1, 1591L0
_cTEXL
_2CC
999 _c453110
_d453110